The Labor Code of the Philippines (Record no. 17027)
[ view plain ]
| 000 -LEADER | |
|---|---|
| fixed length control field | 01255cam a2200361 a 4500 |
| 001 - CONTROL NUMBER | |
| control field | 17202193 |
| 003 - CONTROL NUMBER IDENTIFIER | |
| control field | OSt |
| 005 - DATE AND TIME OF LATEST TRANSACTION | |
| control field | 20140310182855.0 |
| 008 - FIXED-LENGTH DATA ELEMENTS--GENERAL INFORMATION | |
| fixed length control field | 120308s1999 ph l 000 0 eng |
| 010 ## - LIBRARY OF CONGRESS CONTROL NUMBER | |
| LC control number | 2011308653 |
| 020 ## - INTERNATIONAL STANDARD BOOK NUMBER | |
| International Standard Book Number | 9710861271 |
| 040 ## - CATALOGING SOURCE | |
| Original cataloging agency | DLC |
| Transcribing agency | DLC |
| Modifying agency | DLC |
| 042 ## - AUTHENTICATION CODE | |
| Authentication code | lcode |
| -- | pcc |
| 043 ## - GEOGRAPHIC AREA CODE | |
| Geographic area code | a-ph--- |
| 050 00 - LIBRARY OF CONGRESS CALL NUMBER | |
| Classification number | KPM 1214 |
| Item number | .N793 1999 |
| 082 ## - DEWEY DECIMAL CLASSIFICATION NUMBER | |
| Classification number | FIL 331 |
| Item number | L11 1999 |
| 110 1# - MAIN ENTRY--CORPORATE NAME | |
| Corporate name or jurisdiction name as entry element | Philippines. |
| 9 (RLIN) | 436 |
| 240 10 - UNIFORM TITLE | |
| Uniform title | <a href="Labor Code of the Philippines">Labor Code of the Philippines</a> |
| 245 14 - TITLE STATEMENT | |
| Title | The Labor Code of the Philippines |
| Remainder of title | With implementing regulations, related law and other issuances |
| Statement of responsibility, etc | compiled and edited by Nolledo, Jose N. |
| 250 ## - EDITION STATEMENT | |
| Edition statement | 1999 rev. ed. |
| 260 ## - PUBLICATION, DISTRIBUTION, ETC. (IMPRINT) | |
| Place of publication, distribution, etc | Manila |
| Name of publisher, distributor, etc | National Book Store |
| Date of publication, distribution, etc | c1999 |
| 300 ## - PHYSICAL DESCRIPTION | |
| Extent | xxviii, 1788 p. |
| Dimensions | 22 cm. |
| 500 ## - GENERAL NOTE | |
| General note | "2000 reprint with supplement (amendments to rules of procedure on page 1765, Dept. Order no. 07 and Wage Order no. NCR-08)." |
| 521 ## - TARGET AUDIENCE NOTE | |
| Target audience note | |
| 526 ## - STUDY PROGRAM INFORMATION NOTE | |
| Reading level | 1210L to 1700L |
| 541 ## - IMMEDIATE SOURCE OF ACQUISITION NOTE | |
| -- | 1 |
| 562 ## - COPY AND VERSION IDENTIFICATION NOTE | |
| Number of copies | For Circulation. 1 Copy Available in the Collection |
| 650 #0 - SUBJECT ADDED ENTRY--TOPICAL TERM | |
| Topical term or geographic name as entry element | Labor laws and legislation |
| Geographic subdivision | Philippines. |
| 9 (RLIN) | 437 |
| 700 1# - ADDED ENTRY--PERSONAL NAME | |
| Personal name | Nolledo, Jose N. |
| 9 (RLIN) | 438 |
| 906 ## - LOCAL DATA ELEMENT F, LDF (RLIN) | |
| a | 7 |
| b | cbc |
| c | origode |
| d | 2 |
| e | ncip |
| f | 20 |
| g | y-gencatlg |
| 942 ## - ADDED ENTRY ELEMENTS (KOHA) | |
| Source of classification or shelving scheme | Library of Congress Classification |
| Koha item type | Books |
| Call number prefix | Filipininana |
| Withdrawn status | Lost status | Source of classification or shelving scheme | Damaged status | Home library | Current library | Shelving location | Date acquired | Total Checkouts | Full call number | Barcode | Date last seen | Date checked out | Copy number | Price effective from | Koha item type |
|---|---|---|---|---|---|---|---|---|---|---|---|---|---|---|---|
| Library of Congress Classification | College Library | College Library | Filipiniana Section | 06/05/2012 | 1 | KPM 1214 .N793 1999 | c0194 | 05/08/2018 | 03/17/2017 | 1 | 06/05/2012 | Books |